<?xml version="1.0" encoding="UTF-8"?>
<record
    xmlns:xsi="http://www.w3.org/2001/XMLSchema-instance"
    xsi:schemaLocation="http://www.loc.gov/MARC21/slim http://www.loc.gov/standards/marcxml/schema/MARC21slim.xsd"
    xmlns="http://www.loc.gov/MARC21/slim">

  <leader>00509nam a22001697a 4500</leader>
  <controlfield tag="005">20240905101341.0</controlfield>
  <controlfield tag="008">240905b        |||||||| |||| 00| 0 eng d</controlfield>
  <datafield tag="022" ind1=" " ind2=" ">
    <subfield code="a">00382396</subfield>
  </datafield>
  <datafield tag="041" ind1=" " ind2=" ">
    <subfield code="a">English/Afrikaans </subfield>
  </datafield>
  <datafield tag="082" ind1=" " ind2=" ">
    <subfield code="a">349  SOU </subfield>
  </datafield>
  <datafield tag="100" ind1=" " ind2=" ">
    <subfield code="l">English/Afrikaans </subfield>
  </datafield>
  <datafield tag="245" ind1=" " ind2=" ">
    <subfield code="a">The South African Law Reports 2024 </subfield>
  </datafield>
  <datafield tag="260" ind1=" " ind2=" ">
    <subfield code="a">Cape Town: </subfield>
    <subfield code="b">Juta and Company (Pty) Ltd, </subfield>
    <subfield code="c">2024 </subfield>
  </datafield>
  <datafield tag="300" ind1=" " ind2=" ">
    <subfield code="b">xxxvi, 663 pages; </subfield>
    <subfield code="c">25 cm. </subfield>
  </datafield>
  <datafield tag="650" ind1=" " ind2=" ">
    <subfield code="a">Legal practice </subfield>
    <subfield code="b">Law </subfield>
  </datafield>
  <datafield tag="942" ind1=" " ind2=" ">
    <subfield code="c">BK</subfield>
    <subfield code="6">ALISON_BN_VRIES</subfield>
  </datafield>
  <datafield tag="999" ind1=" " ind2=" ">
    <subfield code="c">3017</subfield>
    <subfield code="d">3017</subfield>
  </datafield>
  <datafield tag="952" ind1=" " ind2=" ">
    <subfield code="0">0</subfield>
    <subfield code="1">0</subfield>
    <subfield code="2">ddc</subfield>
    <subfield code="3">2024 (4) July-August (IV)</subfield>
    <subfield code="4">0</subfield>
    <subfield code="6">349_000000000000000_SOU</subfield>
    <subfield code="7">0</subfield>
    <subfield code="8">TXBK</subfield>
    <subfield code="9">5786</subfield>
    <subfield code="a">LSN</subfield>
    <subfield code="b">LSN</subfield>
    <subfield code="c">SLR</subfield>
    <subfield code="d">2024-09-05</subfield>
    <subfield code="l">0</subfield>
    <subfield code="o">349 SOU</subfield>
    <subfield code="p">LSN/2024/18</subfield>
    <subfield code="r">2025-04-07 00:00:00</subfield>
    <subfield code="w">2024-09-05</subfield>
    <subfield code="y">BK</subfield>
  </datafield>
  <datafield tag="952" ind1=" " ind2=" ">
    <subfield code="0">0</subfield>
    <subfield code="1">0</subfield>
    <subfield code="2">ddc</subfield>
    <subfield code="3">2024 (1) January - February (I)</subfield>
    <subfield code="4">0</subfield>
    <subfield code="6">349_000000000000000_SOU</subfield>
    <subfield code="7">0</subfield>
    <subfield code="8">TXBK</subfield>
    <subfield code="9">5836</subfield>
    <subfield code="a">LSN</subfield>
    <subfield code="b">LSN</subfield>
    <subfield code="c">SLR</subfield>
    <subfield code="d">2024-09-18</subfield>
    <subfield code="l">0</subfield>
    <subfield code="o">349 SOU</subfield>
    <subfield code="p">LSN/2024/88</subfield>
    <subfield code="r">2025-04-07 00:00:00</subfield>
    <subfield code="w">2024-09-18</subfield>
    <subfield code="y">BK</subfield>
  </datafield>
  <datafield tag="952" ind1=" " ind2=" ">
    <subfield code="0">0</subfield>
    <subfield code="1">0</subfield>
    <subfield code="2">ddc</subfield>
    <subfield code="3">2024 (2) March - April  (II)</subfield>
    <subfield code="4">0</subfield>
    <subfield code="6">349_000000000000000_SOU</subfield>
    <subfield code="7">0</subfield>
    <subfield code="8">TXBK</subfield>
    <subfield code="9">5837</subfield>
    <subfield code="a">LSN</subfield>
    <subfield code="b">LSN</subfield>
    <subfield code="c">SLR</subfield>
    <subfield code="d">2024-09-18</subfield>
    <subfield code="l">0</subfield>
    <subfield code="o">349 SOU</subfield>
    <subfield code="p">LSN/2024/89</subfield>
    <subfield code="r">2025-04-07 00:00:00</subfield>
    <subfield code="w">2024-09-18</subfield>
    <subfield code="y">BK</subfield>
  </datafield>
  <datafield tag="952" ind1=" " ind2=" ">
    <subfield code="0">0</subfield>
    <subfield code="1">0</subfield>
    <subfield code="2">ddc</subfield>
    <subfield code="3">2024 (3) May - June  (III)</subfield>
    <subfield code="4">0</subfield>
    <subfield code="6">349_000000000000000_SOU</subfield>
    <subfield code="7">0</subfield>
    <subfield code="8">TXBK</subfield>
    <subfield code="9">5838</subfield>
    <subfield code="a">LSN</subfield>
    <subfield code="b">LSN</subfield>
    <subfield code="c">SLR</subfield>
    <subfield code="d">2024-09-18</subfield>
    <subfield code="l">0</subfield>
    <subfield code="o">349 SOU</subfield>
    <subfield code="p">LSN/2024/90</subfield>
    <subfield code="r">2025-04-07 00:00:00</subfield>
    <subfield code="w">2024-09-18</subfield>
    <subfield code="y">BK</subfield>
  </datafield>
  <datafield tag="952" ind1=" " ind2=" ">
    <subfield code="0">0</subfield>
    <subfield code="1">0</subfield>
    <subfield code="2">ddc</subfield>
    <subfield code="3">2024 (5) September - October </subfield>
    <subfield code="4">0</subfield>
    <subfield code="6">349_000000000000000_JOU</subfield>
    <subfield code="7">0</subfield>
    <subfield code="8">TXBK</subfield>
    <subfield code="9">6112</subfield>
    <subfield code="a">LSN</subfield>
    <subfield code="b">LSN</subfield>
    <subfield code="c">SLR</subfield>
    <subfield code="d">2024-12-05</subfield>
    <subfield code="l">0</subfield>
    <subfield code="o">349 JOU</subfield>
    <subfield code="p">LSN/2024/128</subfield>
    <subfield code="r">2024-12-05 00:00:00</subfield>
    <subfield code="w">2024-12-05</subfield>
    <subfield code="y">BK</subfield>
  </datafield>
  <datafield tag="952" ind1=" " ind2=" ">
    <subfield code="0">0</subfield>
    <subfield code="1">0</subfield>
    <subfield code="2">ddc</subfield>
    <subfield code="3">2024 (6) November-December </subfield>
    <subfield code="4">0</subfield>
    <subfield code="6">349_000000000000000_SOU</subfield>
    <subfield code="7">0</subfield>
    <subfield code="8">TXBK</subfield>
    <subfield code="9">6159</subfield>
    <subfield code="a">LSN</subfield>
    <subfield code="b">LSN</subfield>
    <subfield code="c">SLR</subfield>
    <subfield code="d">2025-02-25</subfield>
    <subfield code="l">0</subfield>
    <subfield code="o">349 SOU</subfield>
    <subfield code="p">LSN/2025/2</subfield>
    <subfield code="r">2025-04-07 00:00:00</subfield>
    <subfield code="w">2025-02-25</subfield>
    <subfield code="y">BK</subfield>
  </datafield>
</record>
